| 000 | 00522nam a2200169Ia 4500 | ||
|---|---|---|---|
| 003 | IN-BaIIA | ||
| 008 | 211028s9999 xx 000 0 eng d | ||
| 040 | _cIIA Library | ||
| 080 |
_a51:53 _bQUE |
||
| 100 |
_aQuetelet, A. D. _92612 |
||
| 245 | 0 |
_aSciences mathematiques et physiques _cA. D. Quetelet |
|
| 260 |
_aBruxelles _bHthiry-Van Buggenhoudt _c1886 |
||
| 300 | _aiii, 754p. | ||
| 650 | _aAstronomy and Astrophysics Thesaurus | ||
| 650 |
_aMathematics _982 |
||
| 942 | _cBK | ||
| 999 |
_c1240 _d1240 |
||